Aký je záujem o vysokoškolské štúdium? Študijná orientácia opäť reálnejšia, ale stále viaceré odbory vysoko predimenzované

Bibliographic Details
Main Author: Meško, Jaroslav, 1927-1983 (Author)
Format: Article
Language:Slovak
Subjects:

MARC

LEADER 00000nab a2200000 a 4500
001 vtls000082569
003 SK-MaSNL
005 20260305023950.0
008 111103c1981 xo 0 slo
015 |a SNBRB19rr/mm-uuuuu 
035 |a CL0092671 
040 |a SNKBUCL  |b slo  |c SNKBUCL  |e AACR2 
041 0 |a slo 
044 |a xo  |c SK 
080 |a 378  |2 1981 
100 1 |a Meško, Jaroslav,  |d 1927-1983  |4 aut  |9 234120 
245 1 0 |a Aký je záujem o vysokoškolské štúdium?  |b Študijná orientácia opäť reálnejšia, ale stále viaceré odbory vysoko predimenzované  |c Jaroslav Meško 
650 0 7 |a vysoké školy  |2 snkbucl  |9 1277 
655 7 |a články z novín a časopisov  |2 snkbucl  |9 267496 
773 0 |t Pravda  |g Roč. 62, č. 99 (28. 4. 1981), s. 2 
850 |a Slovenská národná knižnica v Martine  |a MTA001 
852 |a SNK  |b KIS3GCP 
958 |a RK 
992 |a RBX 
999 |c 3300087  |d 3302017